000 00855nam a2200241Ia 4500
003 OSt
005 20230727142424.0
008 210716s1987 xx 000 0 und d
040 _cAIMIT LIBRARY
041 _aeng
082 _a005.1
_21
_bRAMS
100 _aRamani. S.
_9128679
245 _aText book on computer programming:
_bwith industrial and engineering applications /
_cBy S Ramani, N V Koteswara Rao and R Nagarajan.
250 _a1st ed.
260 _aNew Delhi :
_bCBS Publishers and Distributors ,
_c1987.
300 _axv,373p. ;
_bPB
_c21 cm.
650 _aArithmetic expressions and statements
_9128680
650 _aInput output and format statements
_9128681
650 _aAdditional fortran statements
_9128682
700 _aRao, N V Koteswara.
_9128683
700 _aNagarajan, R.
_9128684
942 _2ddc
_cBK
_e1st ed.
_k005.1 RAMS
999 _c180916
_d180916